Score 0/20 Timer 03:00
1 Play Today
% Correct
Amsterdam
90%
Australia
87.5%
Argon
86.7%
Angola
82.9%
Albania
80.7%
Algeria
79.7%
Aquarius
78.5%
Atlanta
77.1%
Athens
75.4%
Aries
74.2%
% Correct
Apus
72.4%
Andorra
65.2%
Antwerp
51%
Arsenic
46.8%
Andromeda
41.1%
Antimony
28.1%
Actinium
21.5%
Astatine
18.7%
Albertville
17.3%
Antlia
3.2%

You're not logged in!

Compare scores with friends on all Sporcle quizzes.
OR
Log In

Sporcle TV

Today on Sporcle TV


Watch our educational content, quiz creation guides, and fun videos on Sporcle TV.

Show Comments

Extras

Top Quizzes Today


Score Distribution

Your Account Isn't Verified!

In order to create a playlist on Sporcle, you need to verify the email address you used during registration. Go to your Sporcle Settings to finish the process.

Report this User

Report this user for behavior that violates our Community Guidelines.

Details: